000 00454nam a2200181Ia 4500
003 OSt
005 20220326111926.0
008 211109s9999||||xx |||||||||||||| ||und||
040 _csbcl
082 _a822.33
_bSHA-M
100 _aShakespeare, William
245 0 _aThe Merchant of Venice
260 _bNational Book
_aKottayam
_c1900
300 _a601p.
630 _xGeneral Stack
650 _aEnglish Litertaure
_vEnglish Drama
_xEnglish
942 _cBOOK
999 _c233
_d233